Yeni Türkiye'nin mimarı (Record no. 4822)

MARC details
000 -BAŞLIK
Sabit Uzunlukta Kontrol Alanı 00821na a2200265 4500
001 - KONTROL NUMARASI
Denetim Alanı 15406
003 - KONTROL NUMARASI IDENTIFIER
Denetim Alanı MIRAKIL
005 - SON İŞLEM TARİHİ VE ZAMANI
Denetim Alanı 20181213155019.0
008 - SABİT-BOY VERİ ELEMANLARI - GENEL BİLGİLER
Sabit Uzunlukta Kontrol Alanı 161025b tu 000 0
035 ## - SİSTEM KONTROL NUMARASI
Sistem Kontrol Numarası 15406
040 ## - KATALOGLAMA KAYNAK
Orijinal Kataloglama Ajansı Milas
Kataloglama Dili tur
Metne Dönüştürmek Ajansı TR-AnCHP
041 ## - DİL KODU
Metin / Ses Parça Veya Ayrı Başlığın Dil Kodu tur
082 ## - DEWEY ONLU SINIFLANDIRMA NUMARASI
Sınıflandırma Numarası 923.156 Özal,T.
Ürün Numarası T86y 2008
090 ## - SINIFLAMA NUMARASI
Sınıflama Numarası 923.156 Özal,T. T86y 2008
110 ## - ANA GİRİŞ - KURUMSAL ADI
Giriş Elemanı Olarak Kurumsal Ad Veya Yargı Alanı Adı Turgut Özal Düşünce ve Hamle Derneği
245 ## - BAŞLIK TABLOSU
Başlık Yeni Türkiye'nin mimarı
Başlığın Kalan Turgut Özal
Sorumluluk Tablosu, Vb Hazırlayan Yusuf Tümtürk
246 ## - UNVAN FORM VARYING
Başlık Doğru / Kısa Başlığı Turgut Özal
260 ## - YAYIN, DAĞITIM, VB
Yayın, Dağıtım, Vb Yeri [y.y.]
Yayıncı, Dağıtıcı, Vs Adı [yay.y.]
Yayın, Dağıtım, Vb Tarihi 2008
300 ## - FİZİKSEL TANIM
Kapsam 327 s.
Diğer Fiziksel Ayrıntıları res.
Boyutlar 21 sm.
600 ## - KONU KATMA GİRİŞ - KURUMSAL ADI
Kişisel Ad Özal, Turgut
Bir Adıyla İlişkilendirilen Tarihler 1927- 1993
Genel Alt Bölümü Siyasal yaşam
650 ## - KONU KATMA GİRİŞ - TOPİKAL DÖNEM
Topikal Süreli Veya Coğrafi Ad Giriş Elemanı Cumhurbaşkanları
Genel Alt Bölümü Türkiye
Kronolojik Alt Bölümü Anılar
650 ## - KONU KATMA GİRİŞ - TOPİKAL DÖNEM
Topikal Süreli Veya Coğrafi Ad Giriş Elemanı Cumhurbaşkanları
Genel Alt Bölümü Türkiye
Kronolojik Alt Bölümü Yaşamöyküsü
700 ## - KATMA GİRİŞ - KİŞİSEL İSİM
Kişisel Ad Tümtürk, Yusuf
942 ## - EKLENDİ GİRİŞ ELEMANLARI (KOHA)
Sınıflandırma Veya Raf Düzeni Kaynak
Koha Öğesi Türü Books
999 ## - SİSTEM KONTROL NUMARALARI (KOHA)
Koha Biblionumber 4822
Koha Biblioitemnumber 4822
Holdings
Kalıcı Konum Mevcut Konum Edinme Tarihi Edinim Kaynak Toplam Check-Out'Lar Tam Çağrı Numarası Barkod Tarih Son Görülme İtibaren Geçerli Fiyatlar Koha Öğesi Türü
CHP Kütüphanesi CHP Kütüphanesi 09/09/2016 Bağış   923.156 Özal,T. T86y 2008 003402 09/09/2016 09/09/2016 Books